000 00535nam a2200157 4500
999 _c17163
_d17163
008 220607b ||||| |||| 00| 0 eng d
022 _a0732-8435
082 _aDPer 657.05 C33 Jan - Apr 2011, v. 81 n 1 - 4
100 _aRoss, Frank K.
_945585
245 _aThe uncomfortable truths about improving diversity/
_cFrank K. Ross.
260 _aNew York:
_bThe New York State Society of CPA,
_c2011.
300 _aV81 n4, page 12;
_c28 cm.
500 _aThe CPA Journal.
650 _aAccounting
_xProfession.
_943097
942 _2ddc
_cPER